000 00389nam a2200145Ia 4500
008 240624s9999 xx 000 0 und d
041 _aeng
082 _a658.3142 HED
100 _aHENDERSON RICHARD I
245 _aCOMPENSATION MANAGEMENT IN A KNOWLEDGE B
250 _a(10th ed.)
260 _c2007
_aNew Delhi
_bPearson Education
300 _axvii, : 550 : p. : cm. ; 28
365 _cRS
999 _c6159
_d6159